Vidacs Julia gratuláló levele Szent-Györgyi Alberthez

Elmentve itt :
Bibliográfiai részletek
Szerző: Vidacs Julia
Dokumentumtípus: Kézirat
Megjelent: 1937-10-12
Kulcsszavak:Levelezés - Vidacs Julia - Szent-Györgyi Albert, Nobel-díj - 1937
Online Access:http://misc.bibl.u-szeged.hu/47930
LEADER 00630ntm a2200169 i 4500
001 misc47930
005 20241213104019.0
008 200924s1937 hu o 000 hun d
040 |a SZTE Miscellanea Repozitórium  |b hun 
041 |a hun 
100 1 |a Vidacs Julia 
245 1 0 |a Vidacs Julia gratuláló levele Szent-Györgyi Alberthez  |h [elektronikus dokumentum] /  |c  Vidacs Julia 
260 |c 1937-10-12 
300 |a 2 fol. 
561 |a Szent-Györgyi Albert gratuláló levelek 
695 |a Levelezés - Vidacs Julia - Szent-Györgyi Albert, Nobel-díj - 1937 
856 4 0 |u http://misc.bibl.u-szeged.hu/47930/1/f_057-058.pdf  |z Dokumentum-elérés